Statistics for Top 10 Asian Countries by English Proficiency

Click here to take the quiz!

General Stats

  • This quiz has been taken 204 times
  • The average score is 6 of 10

Answer Stats

%Country% Correct
83Singapore
91%
93Philippines
75%
85Israel
73%
63Malaysia
71%
39Brunei
54%
40Lebanon
49%
47Sri Lanka
48%
45Jordan
40%
46Nepal
38%
73Cyprus
31%

Score Distribution

Percentile by Number Answered

Percent of People with Each Score

Your Score History

You have not taken this quiz